000 00844cam a22002535a 4500
001 L157977
002 19683
008 130918s2013 xxk f 000 0 eng d
020 _a9781783210220
035 _a(Sirsi) u157977
041 0 _aeng
100 1 _aBen-Nathan, Paul
245 0 0 _aSpreadsheets for valuations
_b 50 worked examples using microsoft office excel 2010
250 _a1st edition
260 _aLondon
_bRICS
_c2013
350 _a45.00
520 _aConsisting of a series of 50 'lessons', from theory to application, this book takes readers through the many uses of spreadsheets for real estate valuations, from basic formulas to the advanced applications of functions.
521 _aAdvanced
650 2 4 _aEXCEL
650 2 4 _aSPREADSHEETS
651 4 _aENGLAND AND WALES
690 _aValuation
_96273
942 _n0
999 _c115049
_d115049